000 00504nam a2200169 i 4500
001 bg
100 1 _aBADOWSKA-OLENDEREK, Krystyna.
245 1 0 _aLaboratorium fizykochemicznych podstaw procesów w inżynierii sanitarnej /
_cK. Badowska-Olenderek, J. Czyżewski, J. Naumczyk.
260 _aWarszawa,
_c1984.
700 1 _aCZYŻEWSKI, Jerzy.
700 1 _aNAUMCZYK, Jeremi.
040 _cBPK
041 _apol
080 _a541.1:547](075.8)
942 _cKS
008 s pl f |000 0 pol
999 _c915
_d915
856 _uhttp://koha.tu.koszalin.pl/cgi-bin/koha/opac-detail.pl?biblionumber=915
_yKatalog online BPK